| 000 | 00471 a2200133 4500 | ||
|---|---|---|---|
| 001 | ART_42713 | ||
| 005 | 20260410161737.0 | ||
| 008 | 260409a | ||
| 245 | 1 | 0 | _aEconomía argentina |
| 100 | 1 | _aAlemann, Roberto T. | |
| 700 | 1 | _aRodríguez Giavarini, Adalberto | |
| 700 | 1 | _aGutierrez, Ricardo | |
| 773 | 0 |
_tEjecutivos de finanzas _gXIII Congreso del I.A.E.F. Economía, finanzas y negocios rumbo al siglo XXI - Año 12, Nº 126 (jun. 1996) _wREV2863 |
|
| 999 |
_c18363 _d18363 |
||